[Event "AUTO-OPEN-3984"]
[Site "http://www.queenalice.com/game.php?id=1545994"]
[Date "2018.10.15"]
[Round "1"]
[White "dioliz"]
[Black "aknight2"]
[Result "1-0"]
[WhiteElo "2043"]
[BlackElo "1100"]

1. d4 f5 2. Nf3 d5 3. Bf4 e6 4. e3 Nf6 5. a3 Nbd7 6. Bb5 c6 7. Ba4 b5 8. Bb3 g6
9. Nc3 Nh5 10. Be5 Rg8 11. O-O Nxe5 12. Nxe5 Bb7 13. Na2 Bd6 14. f4 a6 15. Nb4
Qe7 16. Nbxc6 Qh4 17. Na5 Bc8 18. Nac6 Bxe5 19. Nxe5 Ke7 20. Qd2 g5 21. c3 g4
22. g3 Qh3 23. Ba2 Nxg3 24. hxg3 Qxg3+ 25. Kh1 h5 26. Rf2 h4 27. Rg1 Qh3+ 28.
Rh2 Qf3+ 29. Nxf3 g3 30. Rxh4 g2+ 31. Rxg2 Rxg2 32. Qxg2 Kd6 33. Rh8 Rb8 34. Qg8
Kc7 35. Qf7+ Bd7 36. Rxb8 Kxb8 37. Qxd7 1-0

[Event "AUTO-OPEN-3984"]
[Site "http://www.queenalice.com/game.php?id=1545996"]
[Date "2018.10.15"]
[Round "1"]
[White "dioliz"]
[Black "Bira47"]
[Result "1/2-1/2"]
[WhiteElo "2063"]
[BlackElo "1883"]

1. e4 c5 2. Bc4 e6 3. Nc3 a6 4. a4 b6 5. Nf3 Bb7 6. d3 h6 7. O-O Nf6 8. Be3 Be7
9. Qe2 O-O 10. Rfd1 Ng4 11. Bf4 g5 12. Nxg5 Bxg5 13. Qxg4 Kh7 14. Bg3 Rg8 15.
Qf3 Qf6 16. Qxf6 Bxf6 17. e5 Bg5 18. f4 Be7 19. Rf1 Bh4 20. Ne2 Bxg3 21. Nxg3 h5
22. Ne4 Bxe4 23. dxe4 Nc6 24. c3 Na5 25. Be2 Kh6 26. f5 Nb3 27. Rad1 Ra7 28. h4
a5 29. Bb5 Rd8 30. fxe6 fxe6 31. Rf6+ Kg7 32. Rxe6 dxe6 33. Rxd8 Rc7 34. Rd6 Kf7
35. Rxb6 c4 36. Bxc4 Rxc4 37. Rxb3 Rxe4 38. Rb5 Rxa4 39. g3 Ra1+ 40. Kf2 a4 41.
c4 a3 42. bxa3 Rxa3 43. Rb7+ Kg6 44. Rb1 Rc3 45. Re1 Rxc4 46. Re3 Kf5 47. Kf3
Rg4 48. Re2 Rd4 49. Re3 Rg4 50. Re2 Rd4 1/2-1/2

[Event "AUTO-OPEN-3984"]
[Site "http://www.queenalice.com/game.php?id=1545997"]
[Date "2018.10.15"]
[Round "1"]
[White "Bira47"]
[Black "dioliz"]
[Result "1/2-1/2"]
[WhiteElo "1890"]
[BlackElo "2052"]

1. c4 Nf6 2. g3 c6 3. Bg2 e5 4. a3 Bc5 5. e3 d5 6. b4 Bb6 7. c5 Bc7 8. Bb2 O-O
9. h3 Be6 10. g4 Nbd7 11. d4 e4 12. Ne2 b6 13. Ng3 bxc5 14. bxc5 h6 15. O-O Nh7
16. Nf5 Bxf5 17. gxf5 Qh4 18. Qg4 Qg5 19. Qxg5 Nxg5 20. Nd2 g6 21. h4 Nh7 22.
Bh3 Nhf6 23. Bc3 Nh5 24. fxg6 fxg6 25. Bxd7 Rf6 26. Bg4 Ng7 27. f4 h5 28. Bh3
Raf8 29. Rab1 Rb8 30. Rxb8+ Bxb8 31. Rb1 Rf8 32. Rb7 Nf5 33. Nf1 Nxh4 34. Be6+
Kh8 35. Nh2 Nf5 36. Kf2 Ng7 37. Bf7 Kh7 38. Nf1 Kh6 39. Ng3 h4 40. Ne2 Kh5 41.
Ng1 Nf5 42. Nh3 Kg4 43. Ng5 Nxe3 44. Ne6 Nd1+ 45. Kg1 Rh8 46. Bd2 h3 47. Kh2 e3
48. Be1 Nf2 49. Bxg6 Kf3 50. Rb2 Ng4+ 51. Kh1 h2 52. Ng5+ Kxf4 53. Ne6+ Kf3 54.
Ng5+ Kf4 55. Ne6+ Kf3 56. Ng5+ Kf4 57. Ne6+ 1/2-1/2

[Event "AUTO-OPEN-3984"]
[Site "http://www.queenalice.com/game.php?id=1545998"]
[Date "2018.10.15"]
[Round "1"]
[White "dioliz"]
[Black "Spiritus"]
[Result "0-1"]
[WhiteElo "2050"]
[BlackElo "2383"]

1. d4 Nf6 2. Nf3 g6 3. g3 Bg7 4. Bg2 O-O 5. O-O d6 6. Bd2 d5 7. Bc3 Nc6 8. Nbd2
Re8 9. Re1 Bg4 10. e4 dxe4 11. Nxe4 Nd5 12. Qd3 Nxc3 13. bxc3 Qc8 14. Qc4 Bxf3
15. Bxf3 e6 16. Rab1 Rb8 17. Nc5 Nd8 18. Rb3 Bf8 19. Ne4 Bg7 20. Reb1 b6 21. Qb5
Re7 22. Nc5 c6 23. Qd3 Ra8 24. Ne4 Rd7 25. Qe3 Nb7 26. Qg5 Nd6 27. Nf6+ Bxf6 28.
Qxf6 Nc4 29. Qg5 f6 30. Qc1 e5 31. Qd1 f5 32. Qe2 b5 33. a4 a6 34. axb5 axb5 35.
Rxb5 Na3 36. Qxe5 Nxb5 37. Qe6+ Rf7 38. Bxc6 Qxe6 0-1

[Event "AUTO-OPEN-3984"]
[Site "http://www.queenalice.com/game.php?id=1545999"]
[Date "2018.10.15"]
[Round "1"]
[White "Spiritus"]
[Black "dioliz"]
[Result "1-0"]
[WhiteElo "2373"]
[BlackElo "2137"]

1. e4 e5 2. Bc4 d6 3. d4 Nd7 4. Nf3 Nb6 5. Bb3 Bg4 6. dxe5 Qd7 7. Bf4 O-O-O 8.
O-O Be6 9. exd6 Bxd6 10. e5 Bxb3 11. axb3 Bxe5 12. Qxd7+ Nxd7 13. Nxe5 1-0

[Event "AUTO-MASTER-2776"]
[Site "http://www.queenalice.com/game.php?id=1546313"]
[Date "2018.10.18"]
[Round "1"]
[White "brink2018"]
[Black "dioliz"]
[Result "1-0"]
[WhiteElo "2210"]
[BlackElo "2079"]

1. d4 d5 2. Bf4 Nc6 3. e3 e6 4. Nd2 Nf6 5. c3 Bd6 6. Bg3 O-O 7. Ngf3 h6 8. Bd3
b6 9. Qe2 Bxg3 10. hxg3 Bb7 11. O-O Qd6 12. a4 Nd7 13. e4 e5 14. exd5 Qxd5 15.
Be4 Qd6 16. Nc4 Qe7 17. Ncxe5 Ndxe5 18. Nxe5 Rae8 19. Bxc6 Bxc6 20. Qc4 Be4 21.
Rfe1 Bf5 22. Re3 Qd6 23. Rae1 Be6 24. Qc6 a5 25. Qxd6 cxd6 26. Ng6 fxg6 27. Rxe6
Kf7 28. Rxe8 Rxe8 29. Rxe8 Kxe8 30. Kf1 Kd7 31. Ke2 Kc6 32. c4 Kd7 33. f4 Ke6
34. Kf3 g5 35. fxg5 hxg5 36. g4 1-0

[Event "AUTO-MASTER-2776"]
[Site "http://www.queenalice.com/game.php?id=1546314"]
[Date "2018.10.18"]
[Round "1"]
[White "dioliz"]
[Black "brink2018"]
[Result "0-1"]
[WhiteElo "2092"]
[BlackElo "2201"]

1. d4 d5 2. e3 Bf5 3. Nc3 e6 4. Nge2 c5 5. Ng3 Bg6 6. Bd3 Nc6 7. Nce2 Nf6 8. h3
Qb6 9. Bxg6 hxg6 10. c3 a5 11. Qa4 Nd7 12. O-O Bd6 13. b4 cxb4 14. Rb1 Qa6 15.
Bd2 b5 16. Qc2 O-O 17. Rfc1 Rfc8 18. Qd3 Nb6 19. e4 bxc3 20. Rxc3 b4 21. Qxa6
Rxa6 22. Rf3 Bxg3 23. fxg3 dxe4 24. Rf4 Nc4 25. Bc1 Nd6 26. Be3 Ne7 27. Rd1 Nd5
0-1

[Event "AUTO-MASTER-2776"]
[Site "http://www.queenalice.com/game.php?id=1546327"]
[Date "2018.10.18"]
[Round "1"]
[White "Gera"]
[Black "dioliz"]
[Result "1-0"]
[WhiteElo "2009"]
[BlackElo "2070"]

1. e4 c5 2. f4 d5 3. exd5 Bf5 4. c4 Nf6 5. Nc3 e6 6. dxe6 fxe6 7. d3 Bd6 8. Nf3
h6 9. Be2 Nc6 10. O-O O-O 11. b3 Nd4 12. Nxd4 cxd4 13. Na4 b6 14. Bd2 Nd7 15.
Nb2 Qc7 16. g3 Bh3 17. Re1 Rae8 18. Bf3 Kh8 19. Qc2 Bf5 20. Re2 Nc5 21. Rae1 Rf6
22. b4 Nd7 23. Nd1 Rg8 24. Nf2 Rg6 25. Kh1 Rf6 26. Ne4 Rff8 27. Nxd6 Qxd6 28. a3
a5 29. Be4 Bg4 30. Rf2 Qc7 31. Kg2 Nf6 32. h3 Nxe4 33. dxe4 Bh5 34. g4 Be8 35.
Qd3 e5 36. f5 Bf7 37. Rc1 a4 38. Be1 Rc8 39. Rfc2 Qd7 40. Bg3 Rge8 41. Bh4 Rc6
42. b5 Rc5 43. f6 g5 44. Be1 Rec8 45. Bb4 R5c7 46. Be7 h5 47. Kg3 Kh7 48. c5 Bb3
49. c6 Qe6 50. Rf2 Qf7 51. Rf5 Rxe7 52. fxe7 Qxe7 53. Qf3 Be6 54. Rf1 Bxf5 55.
Qxf5+ Kg7 56. gxh5 Qxa3+ 57. Rf3 Qe7 58. Qg6+ Kh8 59. Rf7 1-0

[Event "AUTO-MASTER-2776"]
[Site "http://www.queenalice.com/game.php?id=1546328"]
[Date "2018.10.18"]
[Round "1"]
[White "dioliz"]
[Black "Gera"]
[Result "1-0"]
[WhiteElo "2056"]
[BlackElo "2018"]

1. c4 e5 2. e4 d6 3. Be2 Be7 4. Nc3 Nc6 5. Nf3 Nf6 6. O-O Be6 7. b3 O-O 8. Bb2
h6 9. Qc2 Bg4 10. Qd1 Qd7 11. d4 Bxf3 12. Bxf3 Nxd4 13. Nd5 Nxd5 14. Bxd4 exd4
15. exd5 Rfe8 16. Rb1 Bf6 17. Bg4 Qd8 18. Qd3 g5 19. f4 Re3 20. Qd2 Qe7 21. fxg5
Bxg5 22. Qxd4 Re5 23. Qd1 Kh8 24. Kh1 Rf8 25. Bf3 f5 26. b4 Re8 27. Qc2 Qf6 28.
Bg4 f4 29. Be6 Re3 30. Rb3 R8xe6 31. dxe6 Qxe6 32. Rxe3 Qxe3 33. Qf2 Qd3 34. g3
Qxc4 35. a3 d5 36. gxf4 Bf6 37. Re1 Qc6 38. Qc5 Qxc5 39. bxc5 Bd4 40. Re7 Bxc5
41. Rxc7 b5 42. Rxc5 b4 43. axb4 d4 44. Rd5 d3 45. Rxd3 h5 46. Rg3 h4 47. Rg4 h3
48. f5 a5 49. bxa5 Kh7 50. f6 Kh6 51. f7 Kh5 52. Rg3 Kh4 53. f8=Q 1-0

[Event "AUTO-MASTER-2776"]
[Site "http://www.queenalice.com/game.php?id=1546335"]
[Date "2018.10.18"]
[Round "1"]
[White "ratorei"]
[Black "dioliz"]
[Result "1-0"]
[WhiteElo "2174"]
[BlackElo "2054"]

1. e4 c5 2. Nf3 g6 3. d4 Bg7 4. c3 e5 5. Nxe5 Qe7 6. Bd3 d6 7. Nf3 b6 8. O-O Bg4
9. Re1 Nd7 10. Be3 Qd8 11. Nbd2 Ne7 12. Qb3 O-O 13. h3 Bxf3 14. Nxf3 Nc6 15. Qc2
Rc8 16. Qd2 Re8 17. Bh6 Na5 18. Bxg7 c4 19. Qh6 f6 20. e5 cxd3 21. exf6 Re2 22.
Ng5 Nxf6 23. Bxf6 Qxf6 24. Rxe2 dxe2 25. Re1 Qe7 26. Rxe2 1-0

[Event "AUTO-MASTER-2776"]
[Site "http://www.queenalice.com/game.php?id=1546336"]
[Date "2018.10.18"]
[Round "1"]
[White "dioliz"]
[Black "ratorei"]
[Result "0-1"]
[WhiteElo "2067"]
[BlackElo "2165"]

1. e4 Nf6 2. Nc3 e6 3. d4 Bb4 4. Bd3 d5 5. f3 dxe4 6. fxe4 O-O 7. Ne2 c5 8. Be3
cxd4 9. Nxd4 Nbd7 10. O-O Ne5 11. a3 Be7 12. Be2 a6 13. Bf4 Nfd7 14. Nb3 b5 15.
Be3 Qc7 16. Kh1 Bb7 17. Bf4 Rad8 18. Bd3 Bd6 19. Bg5 f6 20. Bh4 Nxd3 21. Qxd3
Ne5 22. Qe2 Nc4 0-1

[Event "Challenge"]
[Site "http://www.queenalice.com/game.php?id=1546340"]
[Date "2018.10.18"]
[Round "-"]
[White "dioliz"]
[Black "Olipika"]
[Result "0-1"]
[WhiteElo "2129"]
[BlackElo "1750"]

1. e4 e6 2. d4 d5 3. e5 c5 4. Be3 Qa5+ 5. Nc3 cxd4 6. Qxd4 Nc6 7. Bb5 Bb4 8.
Bxc6+ bxc6 9. Bd2 Ba6 10. Qg4 g6 11. Nge2 Ne7 12. a3 Bxc3 13. Bxc3 Qb5 14. Nd4
Qb6 15. Ne2 Nf5 16. Rb1 Bxe2 17. Qxe2 d4 18. Bd2 a5 19. O-O c5 20. Rfc1 Kd7 21.
c3 Qc6 22. g3 h5 23. Qc4 h4 24. cxd4 h3 25. Qf1 Nxd4 26. Rc3 Ne2+ 27. Qxe2 Qg2#
0-1

[Event "Challenge"]
[Site "http://www.queenalice.com/game.php?id=1547764"]
[Date "2018.10.31"]
[Round "-"]
[White "Olipika"]
[Black "dioliz"]
[Result "0-1"]
[WhiteElo "1702"]
[BlackElo "2048"]

1. c4 Nf6 2. Nc3 e5 3. g3 Bc5 4. Bg2 c6 5. Nf3 d6 6. O-O Be6 7. e3 Bxc4 8. Re1
a5 9. a3 Nbd7 10. d3 Ba6 11. Nh4 g6 12. d4 Ba7 13. dxe5 Nxe5 14. b3 O-O 15. Bb2
Qe7 16. Ne2 Rfd8 17. Nd4 Rac8 18. Nhf3 Nd3 19. Nxc6 bxc6 20. Bxf6 Qxf6 21. Bf1
Nxe1 22. Qxe1 Bxf1 23. Kxf1 Qxf3 24. Kg1 Qd5 0-1

[Event "AUTO-ADV-4081"]
[Site "http://www.queenalice.com/game.php?id=1562204"]
[Date "2019.2.25"]
[Round "2"]
[White "roserl"]
[Black "dioliz"]
[Result "0-1"]
[WhiteElo "1848"]
[BlackElo "2065"]

1. e4 c5 2. Nf3 Nc6 3. d4 cxd4 4. Nxd4 e5 5. Nb5 d6 6. N1c3 a6 7. Na3 g6 8. Nd5
Be6 9. c3 Bxd5 10. Qxd5 Nge7 11. Qd1 Bg7 12. Be2 O-O 13. O-O Qb6 14. Nc4 Qc7 15.
f4 Rad8 16. Qe1 b5 17. Ne3 Qb6 18. Kh1 exf4 19. Nc2 g5 20. Qf2 Qc7 21. Nd4 Rfe8
22. Bd2 d5 23. Nxc6 Qxc6 24. exd5 Rxd5 25. Bf3 Red8 26. Bxd5 Qxd5 27. a4 Nf5 0-1

[Event "AUTO-ADV-4081"]
[Site "http://www.queenalice.com/game.php?id=1562205"]
[Date "2019.2.25"]
[Round "2"]
[White "dioliz"]
[Black "roserl"]
[Result "1-0"]
[WhiteElo "2057"]
[BlackElo "1856"]

1. c4 e5 2. Nc3 Nf6 3. e4 c6 4. d4 exd4 5. Qxd4 d6 6. Bg5 Be7 7. Bd3 O-O 8. Bc2
h6 9. Bh4 Be6 10. b3 Nbd7 11. Nge2 Re8 12. h3 Qc7 13. Bg3 Ne5 14. O-O Rad8 15.
Qxa7 Nfd7 16. Rad1 Ra8 17. Qd4 Red8 18. f4 c5 19. Qe3 Nc6 20. Na4 Nb4 21. Bb1
Bf6 22. f5 Bxc4 23. Bxd6 Qc6 24. Nxc5 Bxe2 25. Nxd7 Bxf1 26. Nxf6+ gxf6 27. Rxf1
1-0

[Event "AUTO-ADV-4081"]
[Site "http://www.queenalice.com/game.php?id=1562208"]
[Date "2019.2.25"]
[Round "2"]
[White "dioliz"]
[Black "jlpbarreto"]
[Result "1-0"]
[WhiteElo "2047"]
[BlackElo "1901"]

1. e4 d5 2. exd5 Nf6 3. Nc3 c6 4. Nf3 Nxd5 5. Bc4 Bg4 6. O-O e6 7. a3 Be7 8. d4
h6 9. Qd3 O-O 10. Bxd5 cxd5 11. Ne5 Bf5 12. Qg3 Kh7 13. Bf4 Nc6 14. Nxc6 bxc6
15. Rac1 Bh4 16. Qe3 Rg8 17. Bg3 Bg5 18. f4 Be7 19. b4 Bd6 20. Na4 g5 21. Nc5
Rb8 22. c4 Bxc5 23. dxc5 d4 24. Qf3 Rc8 25. fxg5 Qxg5 26. Rfe1 d3 27. Bf4 Qg6
28. Bd2 Bg4 29. Qe3 Be2 30. g3 Rce8 31. b5 Rb8 32. Rb1 Rgc8 33. a4 Kg7 34. b6
Rb7 35. a5 a6 36. h4 Rg8 37. Kh2 Kh7 38. Rg1 Rd8 39. Rg2 Bg4 40. Rf1 Rdd7 41.
Rf4 Be2 42. Rgf2 1-0

[Event "AUTO-ADV-4081"]
[Site "http://www.queenalice.com/game.php?id=1562209"]
[Date "2019.2.25"]
[Round "2"]
[White "jlpbarreto"]
[Black "dioliz"]
[Result "0-1"]
[WhiteElo "1922"]
[BlackElo "2036"]

1. Nf3 d5 2. g3 Nf6 3. Bg2 Bf5 4. d3 h6 5. O-O Nc6 6. Bd2 e6 7. a3 Bd6 8. b4 O-O
9. e3 Bg4 10. Bc3 Be5 11. h3 d4 12. exd4 Bxf3 13. Bxf3 Bxd4 14. Bg2 e5 15. Bxc6
bxc6 16. Kh2 Bxc3 17. Nxc3 Re8 18. Na4 Nd7 19. Qf3 Re6 20. Rae1 Rb8 21. Re4 Qg5
22. Rg4 Qd2 23. Qd1 Qxd1 24. Rxd1 f5 25. Rc4 Nb6 26. Nxb6 cxb6 27. f3 Rd8 28.
Re1 Kf7 29. Kg2 Kf6 30. Kf2 Rd5 31. Rc3 g5 32. f4 c5 33. fxe5+ Rdxe5 34. Rxe5
Rxe5 35. bxc5 bxc5 36. Rc4 Rd5 37. a4 a5 38. Kf3 Ke6 39. Kf2 Kd6 40. Ke2 Rd4 41.
Rxd4+ cxd4 42. Kd2 Kc5 43. c3 f4 44. cxd4+ Kxd4 45. gxf4 gxf4 46. Ke2 h5 47. h4
Kc3 48. Kf3 Kb4 49. Kxf4 Kxa4 50. d4 Kb5 51. Ke3 Kc4 52. Ke4 a4 53. d5 Kc5 54.
Ke5 a3 0-1

[Event "AUTO-ADV-4080"]
[Site "http://www.queenalice.com/game.php?id=1563316"]
[Date "2019.3.6"]
[Round "2"]
[White "MarcosT"]
[Black "dioliz"]
[Result "1-0"]
[WhiteElo "1894"]
[BlackElo "2081"]

1. e4 c5 2. Nf3 Nc6 3. d4 cxd4 4. Nxd4 e5 5. Nxc6 bxc6 6. Nc3 Bb4 7. Bd2 Nf6 8.
a3 Ba5 9. h3 d5 10. b4 Bb6 11. Bg5 d4 12. Na2 Qd6 13. c4 c5 14. bxc5 Bxc5 15.
Bd3 O-O 16. O-O Nd7 17. a4 Qg6 18. Bd2 Nf6 19. Nb4 Bxh3 20. Qf3 Bg4 21. Qg3 Qh5
22. Rfe1 1-0

[Event "AUTO-ADV-4080"]
[Site "http://www.queenalice.com/game.php?id=1563317"]
[Date "2019.3.6"]
[Round "2"]
[White "dioliz"]
[Black "MarcosT"]
[Result "0-1"]
[WhiteElo "2058"]
[BlackElo "1917"]

1. e4 c5 2. Bc4 e6 3. Nc3 Nc6 4. Nf3 e5 5. a3 a6 6. O-O Nf6 7. d3 h6 8. Be3 Nd4
9. Nd5 Nxf3+ 10. Qxf3 Bd6 11. h3 O-O 12. Bxh6 Nxd5 13. Qg4 Qf6 14. Bg5 Qg6 15.
Bxd5 Rb8 16. Qg3 b5 17. Qe3 Bb7 18. c4 Bxd5 19. cxd5 Rfe8 0-1